00582nam a22001817a 4500003000400000005001700004008004100021040001800062041000800080050001700088245012200105650003000227650005700257650002800314650002600342942001500368999001700383OSt20260530115319.0260508b2010 |||a|||| |||| 00| 0 eng d aICIbspacICI aspa aHC79.E5bB45 aBeneficios sociales, ambientales y económicos, generados con la venta de bonos de carbono en el mercado voluntario. aBonos ambientales.934098 aDesarrollo sosteniblexAspectos económicos.934099 2Responsabilidad social. 2Economía ambiental. 2lcccBKn1 c13691d13691